000 00497nam a22001817a 4500
003 koha_MIRAKIL
005 20250909142932.0
008 231213b |||||||| |||| 00| 0 ||| d
020 _a9780007186075
040 _aTR-IsEVY
_btur
_cTR-IsEVY
082 _a420 JAR/H
100 _aJarman, Julia
245 0 _aHarry the clever spider /
_cJulia Jarman.
260 _bCollins,
_c2005
300 _a23.
650 _aİngiliz Dili.
_vİngilizce Okuma Kitapları.
_vEnglish Readers.
942 _2ddc
_cBK
999 _c7991
_d7991